My Ordinary Life - The Living Tombstone (All lyrics) - Statistics

General Stats
  • This quiz has been taken 84 times
  • The average score is 352 of 479
Answer Stats
Answer % Correct
I
98%
me
96%
me?
96%
me,
96%
the
96%
The
96%
feel
92%
last
92%
to
92%
a
90%
for
90%
time
90%
Touch
90%
touch,
90%
touch
90%
Do
88%
do
88%
don't
88%
I'm
88%
"I'm
88%
(I'm
88%
Make
88%
make,
88%
tell
88%
very
88%
you
88%
be
86%
Midas
86%
my
86%
of
86%
They
86%
they
86%
your
86%
design
84%
fear
84%
I'll
84%
in
84%
in,
84%
it
84%
It
84%
just
84%
let
84%
Let
84%
"No"
84%
No
84%
no
84%
part
84%
so
84%
So
84%
them
84%
think
84%
think,
84%
by
82%
go
82%
an
80%
and
78%
fly
78%
If
78%
see
78%
what
78%
closed
76%
eyes
76%
money,
76%
"Money
76%
still,
76%
still
76%
"Take
76%
"take
76%
Take
76%
world
76%
World
76%
but
75%
fall,
75%
fall
75%
is
75%
Is
75%
laugh
75%
nice
75%
pain
75%
Pain
75%
pass
75%
slow"
75%
at
73%
clothes
73%
easy"
73%
Easy-
73%
"keep
73%
laughin'
73%
say
73%
us
73%
simple"
71%
grow
69%
guide
69%
that
69%
though
69%
When
69%
champagne
67%
laughing
67%
pills,
67%
pop
67%
Pop
67%
sleep
67%
talks"
67%
water
67%
Can
65%
catch
65%
feed
65%
give
65%
idea
65%
It's
65%
real
65%
been
63%
cool
63%
god,
63%
hurt
63%
inside
63%
"Jesus
63%
lie
63%
like
63%
look
63%
losing
63%
Losing
63%
much
63%
much?
63%
on
63%
people
63%
walks"
63%
brain
61%
lost
61%
None
61%
red"
61%
same
61%
Stayin'
61%
tracks,
61%
Tracks
61%
turning
61%
facts
59%
grass
59%
special,
59%
spittin'
59%
tank
59%
with
59%
all
57%
All
57%
awake"
57%
I've
57%
said
57%
sleepin'
57%
smile
57%
wide
57%
always
55%
can't
55%
bank
53%
below
53%
get
53%
greener,
53%
haters
53%
shake
53%
stories
53%
call
51%
feelin'
51%
head
51%
humble
51%
love
51%
out
51%
too
51%
wanna
51%
Bake
49%
empty
49%
façade
49%
friends
49%
ground
49%
living
49%
their
49%
without
49%
you're
49%
different
47%
feels
47%
gold
47%
got
47%
Have
47%
icebox
47%
silver
47%
That's
47%
would
47%
about
45%
above
45%
ask
45%
dank
45%
fake
45%
feet
45%
mind
45%
misled
45%
mistakes
45%
off
45%
platter,
45%
records
45%
spinning
45%
things
45%
become
43%
matter
43%
never
43%
odd
43%
Six
43%
spitting
43%
they're
43%
care
41%
'cause
41%
combat
41%
hot
41%
lose
41%
Mr.
41%
there
41%
unable
41%
untouchable
41%
act
39%
being
39%
chill
39%
hurts
39%
Makin'
39%
ready,
39%
restless
39%
they've
39%
times,
39%
up,
39%
up)
39%
while
39%
bread,
37%
high
37%
left
37%
(left
37%
seconds,
37%
Served
37%
stress
37%
together,
37%
blend
35%
Drivin'
35%
gained
35%
behind
33%
behind)
33%
Bling
33%
know
33%
drank
31%
divine
27%
muses
27%
thrill,
27%
Lay
25%
Lean
25%
heal
24%
near-
24%
(yeah)
14%
No matching quizzes found
Score Distribution
Percent of People with Each Score
Percentile by Number Answered
Your Score History
You have not taken this quiz